00405nam a22001457a 4500008004100000020001500041050002700056245007000083250001200153260002500165300001600190700001900206700001700225700001700242200721b xxu||||| |||| 00| 0 eng d a9332575226 aQA76.76b.D35 2017 c.1 aDistributed Systems bConcepts and DesigncCoulouris, {Et al...}. a5th ed. aIndiabPearsonc2017 axvi, 1047p. aJean Dollimore aTim Kindberg aGordon Blair